Robotická 3D tlač pomocou 6-osového kĺbového ramena
Saved in:
| Main Author: | |
|---|---|
| Other Authors: | |
| Format: | Manuscript Book |
| Language: | Slovak |
| Published: |
2019
|
| Subjects: | |
| Online Access: | http://is.stuba.sk/zp/portal_zp.pl?podrobnosti=144827 |
| Tags: |
No Tags, Be the first to tag this record!
|
MARC
| LEADER | 00000ntm a22000003a 4500 | ||
|---|---|---|---|
| 001 | stuzp74836 | ||
| 003 | SK-STU | ||
| 005 | 20190608213304.1 | ||
| 007 | ta | ||
| 008 | 150427s2015----xo-----f-mn---000-0-slo-d | ||
| 040 | |a STU |b slo | ||
| 041 | 0 | |a slo | |
| 100 | 1 | |a Bavlna, Juraj |u 020020 |k Z4 |4 aut |U SjF Strojnícka fakulta |T SjF Ústav automatizácie, merania a aplikovanej informatiky |X 73244 |U J0020 |Y 802 |7 73244 | |
| 242 | 0 | 1 | |a Robotic 3D printing using a 6-axis articulated arm |y eng |
| 245 | 1 | 0 | |a Robotická 3D tlač pomocou 6-osového kĺbového ramena |
| 260 | |c 2019 | ||
| 650 | 4 | |a PLC |2 slo | |
| 650 | 4 | |a KUKA |2 slo | |
| 650 | 4 | |a KRL |2 slo | |
| 650 | 4 | |a 3D tlač |2 slo | |
| 650 | 4 | |a FFF/ FDM |2 slo | |
| 650 | 4 | |a FFF/ FDM |2 eng | |
| 650 | 4 | |a PLC |2 eng | |
| 650 | 4 | |a KUKA |2 eng | |
| 650 | 4 | |a KRL |2 eng | |
| 650 | 4 | |a 3D print |2 eng | |
| 700 | 1 | |a Juhás, Martin |u 020020 |k Z1 |4 ths |U SjF Strojnícka fakulta |T SjF Ústav automatizácie, merania a aplikovanej informatiky |X 2316 |U J0020 |Y 802 |7 A000002316 | |
| 856 | 4 | |u http://is.stuba.sk/zp/portal_zp.pl?podrobnosti=144827 | |
| 996 | |b 284J046005 |c J* 3115/DDP |l JJSK |s A |a 24 |w stuzp74836_0001 | ||